[Event "EU-Cup 34th"]
[Site "Porto Carras"]
[Date "2018.10.15"]
[Round "4.1"]
[White "Carlsen, Magnus"]
[Black "Donchenko, Alexander"]
[Result "1/2-1/2"]
[WhiteElo "2839"]
[BlackElo "2610"]
[PlyCount "72"]
[EventDate "2018.10.12"]
[EventType "team-swiss"]
[EventRounds "7"]
[EventCountry "GRE"]
[SourceTitle "CBM 187"]
[Source "ChessBase"]
[SourceDate "2018.12.11"]
[SourceVersion "1"]
[SourceVersionDate "2018.12.11"]
[SourceQuality "1"]
[WhiteTeam "Valerenga"]
[BlackTeam "Aachen Aufwaerts"]
[WhiteTeamCountry "NOR"]
[BlackTeamCountry "GER"]

1. d4 Nf6 2. Nf3 d5 3. e3 c5 4. Nbd2 cxd4 5. exd4 Nc6 6. Bb5 Qb6 ({RR} 6... Bg4 7. c4 dxc4 8. Qa4 Bd7 9. Ne5 Nxe5 10. dxe5 Bxb5 11. Qxb5+ Qd7 12. Qxc4 Nd5 13. O-O Rc8 14. Qd4 e6 15. Ne4 a6 16. Bg5 h6 17. Bh4 Nf4 18. Nf6+ gxf6 19. Qxf4 fxe5 20. Qxe5 Rg8 21. Rfd1 {Carlsen,M (2832)-So,W (2815) Chess.com INT 2017 1-0}) 7. c4 dxc4 8. a4 a6 $146 ({RR} 8... Be6 9. O-O O-O-O 10. Nxc4 Bxc4 11. Bxc4 e6 12. Be3 Nd5 13. Ng5 Rd7 14. Qf3 Bb4 15. Rfc1 h6 16. Ne4 Rhd8 17. a5 Bxa5 18. Bxd5 Rxd5 19. Qxf7 Kb8 20. Qxe6 R5d7 21. Rxc6 bxc6 22. Qe5+ {1-0 (22) Zwirs,N (2454)-Groenewoud,J (2159) Hilversum NED 2025}) 9. Nxc4 Qc7 10. Bxc6+ Qxc6 11. Nce5 Qd5 12. O-O Bg4 13. Nxg4 Nxg4 14. a5 Nf6 15. Bg5 e6 16. Ne5 Be7 17. Bxf6 gxf6 18. Ng4 Rd8 19. Ra4 Qb5 20. b3 f5 21. Ne3 f4 22. Nc4 Bf6 23. Nb6 Qf5 24. d5 f3 25. g3 Be5 26. Rc4 h5 27. Re1 Rh6 28. Rh4 Bc3 29. Rf4 Qh3 30. Rxf3 Bxe1 31. Qxe1 h4 32. Qe4 hxg3 33. Qa4+ Kf8 34. Qb4+ Ke8 35. Qa4+ Kf8 36. Qb4+ Ke8 1/2-1/2

[Event "EU-Cup 34th"]
[Site "Porto Carras"]
[Date "2018.10.16"]
[Round "5.1"]
[White "Mamedyarov, Shakhriyar"]
[Black "Carlsen, Magnus"]
[Result "1/2-1/2"]
[WhiteElo "2820"]
[BlackElo "2839"]
[PlyCount "60"]
[EventDate "2018.10.12"]
[EventType "team-swiss"]
[EventRounds "7"]
[EventCountry "GRE"]
[SourceTitle "CBM 187"]
[Source "ChessBase"]
[SourceDate "2018.12.11"]
[SourceVersion "1"]
[SourceVersionDate "2018.12.11"]
[SourceQuality "1"]
[WhiteTeam "Odlar Yurdu"]
[BlackTeam "Valerenga"]
[WhiteTeamCountry "AZE"]
[BlackTeamCountry "NOR"]

1. d4 Nf6 2. c4 e6 3. Nf3 d5 4. Nc3 Bb4 5. cxd5 exd5 6. Bg5 h6 7. Bh4 O-O 8. e3 Bf5 9. Qb3 Bxc3+ 10. Qxc3 Nbd7 11. Be2 c6 12. Nd2 Ne4 13. Nxe4 ({RR} 13. Bxd8 Nxc3 14. bxc3 Rfxd8 15. a4 Nf6 16. Nf1 Ne8 17. Ng3 Bh7 18. Kd2 Nd6 19. Ra2 a5 20. Rha1 Ra7 21. f3 Rda8 22. Bd3 Bxd3 23. Kxd3 b5 24. axb5 cxb5 25. e4 Nc4 26. Rb1 dxe4+ 27. fxe4 Rb8 {Grischuk,A (2777)-Carlsen,M (2862) chess24.com INT 2020 ½-½ (114)}) ({RR} 13. Bxd8 Nxc3 14. bxc3 Rfxd8 15. Nf1 Rac8 16. g4 Bg6 17. a4 c5 18. Kd2 Rc7 19. h4 Rdc8 20. Ra3 Nf6 21. f3 h5 22. g5 Ne8 23. Ng3 Nd6 24. Rf1 Re7 25. Re1 cxd4 26. exd4 Rce8 27. Raa1 Re3 {Michalik,P (2562)-Mica,M (2383) Pardubice CZE 2025 ½-½ (94)}) 13... Qxh4 14. Nd6 Bg4 $146 ({RR} 14... Be4 15. Nxe4 Qxe4 16. O-O Nf6 17. f3 Qe7 18. Rae1 Rac8 19. Bd3 c5 20. dxc5 Rxc5 21. Qd4 b6 22. g4 Rfc8 23. Qf4 Nd7 24. Bf5 Rc4 25. Qg3 R8c5 26. h4 Nf8 27. g5 hxg5 28. hxg5 g6 29. Bd3 {Talu,M (2351)-Cvitan,O (2467) Chess.com INT 2020 0-1 (41)}) ({RR} 14... Be4 15. Nxe4 Qxe4 16. O-O Nf6 17. f3 Qe7 18. Rae1 Rac8 19. Bd3 c5 20. dxc5 Rxc5 21. Qd4 b6 22. g4 Rfc8 23. Qf4 Nd7 24. Bf5 Rc4 25. Qg3 R8c5 26. h4 Nf8 27. g5 hxg5 28. hxg5 g6 29. Bd3 {Talu,M (2351)-Cvitan,O (2467) Chess.com INT 2020 0-1 (41)}) 15. g3 Qf6 16. Bxg4 Qxd6 17. Qa3 Qc7 18. Rc1 Nf6 19. Bf3 a5 20. O-O Rfe8 21. Rc2 Qd7 22. Rc5 Qd8 23. b4 axb4 24. Qxb4 Ra7 25. a4 Ne4 26. Bxe4 Rxe4 27. a5 Re7 28. Rb1 Ra6 29. Qd2 Rd7 30. Rb3 g6 1/2-1/2

[Event "World-ch Carlsen-Caruana"]
[Site "London"]
[Date "2018.11.10"]
[Round "2"]
[White "Carlsen, Magnus"]
[Black "Caruana, Fabiano"]
[Result "1/2-1/2"]
[WhiteElo "2835"]
[BlackElo "2832"]
[Annotator "Duda,Jan Krzysztof"]
[PlyCount "97"]
[EventDate "2018.11.09"]
[EventType "match"]
[EventRounds "12"]
[EventCountry "GBR"]
[SourceTitle "CBM 187"]
[Source "ChessBase"]
[SourceDate "2018.12.11"]
[SourceVersion "1"]
[SourceVersionDate "2018.12.11"]
[SourceQuality "1"]

1. d4 Nf6 2. Nf3 d5 3. c4 e6 4. Nc3 Be7 {The ever solid Queen's Gambit Declined. Even though the challenger recently played a lot of games in the Vienna Game, the QGD must have been one of the top piorities of Magnus' team.} 5. Bf4 O-O 6. e3 c5 {This is a small surprise. It's the first time, when Fabiano chooses this line in his life. In that way Nakamura drew quite recently 2 games against Carlsen, so it was kind of expected though. The real surprise will come later.} (6... Nbd7 {is the most common move, and the way Caruana played before this game. Perhaps he wasn't keen facing} 7. c5 {where White is enjoying some space advantage, and it might be kind of Carlsen-type position. Of course it's just a beginning of far-advanced theory.}) 7. dxc5 Bxc5 8. Qc2 {This is the main move, but White also may wish to play against the isolani with} (8. cxd5 Nxd5 9. Nxd5 exd5 10. Bd3 Bb4+ 11. Nd2 Nc6 {This is one of the tabiyas in the QGD with 6...c5. Usually Black gets enough counterplay for his isolani, for example Vishy Anand drew all three of his games with Black in this position in the Sinquefield Cup this year. In 2017, Carlsen was about outplaying Nakamura in this line, but the American managed to save himself. Now it's obvious to everyone that Caruana had some improvements, awaiting their hour.}) 8... Nc6 9. a3 Qa5 10. Rd1 {Again, one of the tabiyas, known since the infamous '78 Karpov-Korchnoi match. In contrast to the} (10. O-O-O {line which is slightly more popular, but can lead to an amazing mess, where either side can collapse easily, White is playing purely positionally. He just wants to develop with Be2 and 0-0, and is asking Black what he is going to do with his poor c8-bishop. Now Black has many choices, but what Caruana played was hardly predictible.}) 10... Rd8 $5 {Some time ago, this was considered dubious, because it isn't in any way preparing the freeing move e5. But of course computers change modern opening theory, also the effect of surprise these days is something everyone is trying for. The other lines are:} (10... Re8 $5 {is having a boost of popularity, the position can quickly become quite complicated:} 11. Nd2 e5 12. Bg5 Nd4 13. Qb1 (13. Qc1 {was basically a draw offer:} Bf5 14. Bxf6 Nc2+ 15. Ke2 Nd4+ 16. Ke1 Nc2+ 17. Ke2 Nd4+ 18. Ke1 Nc2+ {1/2 (18) Carlsen,M (2827)-Nakamura,H (2781) Douglas ENG 2017}) 13... Bf5 14. Bd3 Bxd3 (14... e4 $2 {was played in the famous 21st game in aforementioned K-K match. White is better after both} 15. Bc2 {(the game continuation. Even stronger is} (15. Bf1 $1 {where objectively Black is lost.}) 15... Nxc2+ 16. Qxc2 Qa6 17. Bxf6 Qxf6 18. Nb3 Bd6 19. Rxd5 $1 $16 {1-0 (60) Kortschnoj,V (2665)-Karpov,A (2725) Baguio City 1978}) 15. Qxd3 Ne4 {where as far as I am concerned Black is doing fine after both} 16. Nxd5 ({and} 16. Ncxe4)) (10... Ne4 $6 {is probably wrong. After} 11. cxd5 Nxc3 12. bxc3 exd5 13. Ng5 $1 g6 14. Rxd5 Qxa3 15. Bc4 $36 {White develops dangerous initiative}) (10... Be7 {is the classical main line. After} 11. Be2 Ne4 (11... dxc4) 12. cxd5 Nxc3 13. Qxc3 Qxc3+ 14. bxc3 exd5 15. Rxd5 Bxa3 16. Nd4 $36 {White has initiative 1/2 (95) Carlsen,M (2853)-Nakamura,H (2814) Saint Louis USA 2015}) 11. Be2 (11. Nd2 {is the most popular, with the idea to harass Black's queen. But this is the first thing Fabiano's team had a look at, so the Norwegian decides to deviate.} d4 {might be something like what the American prepared. The position is a mess after} (11... dxc4 12. Nxc4 Rxd1+ 13. Qxd1 Qd8 14. Qxd8+ Nxd8 15. Be2 $14) 12. Nb3 Qb6 13. Na4 Bb4+ 14. axb4 Qxb4+ 15. Nd2 $13 {but the computer not surprisingly is keen on White.}) 11... Ne4 {Now, where the d5-pawn is not hanging, this exchange maneouvre should gradually equalise the position} 12. O-O (12. Nd2 $5 Nxc3 13. Nb3 Qa4 14. Qxc3 Be7 15. cxd5 exd5 16. Nc5 Bxc5 17. Qxc5 Be6 18. O-O Rac8) ({RR} 12. cxd5 Nxc3 13. bxc3 exd5 14. O-O h6 15. a4 Bd6 16. Bxd6 Rxd6 17. c4 Be6 18. c5 Rdd8 19. Rb1 Qc7 20. Qb2 Rab8 21. Nd4 Nxd4 22. Qxd4 b6 23. cxb6 Rxb6 24. h3 Rc8 25. Rfd1 Qc3 26. Qxc3 Rxc3 {Carlsen,M (2845)-Anand,V (2779) Shamkir 2019 1-0 (43)}) ({RR} 12. cxd5 exd5 13. O-O Nxc3 14. bxc3 h6 15. c4 Be6 16. cxd5 Bxd5 17. Bc4 Bxc4 18. Qxc4 Bxa3 19. Ra1 Qc5 20. Qb3 Bb4 21. Rfc1 Qb6 22. h4 a5 23. Rc4 Qb5 24. Rac1 a4 25. Qa2 a3 26. Nd4 Nxd4 {Pujari,R (2071)-Divya,D (2427) FIDE Online Arena INT 2024 0-1 (32)}) 12... Nxc3 13. bxc3 h6 {Defending against any Ng5.} 14. a4 Ne7 $146 {I think Black equalised. Now not to become worse with his shaky queenside, the World Champion has to play actively.} ({RR} 14... Bd6 15. Bxd6 Rxd6 16. e4 Qc5 17. Qd2 Ne7 18. Qf4 Ng6 19. Qg3 Bd7 20. cxd5 exd5 21. c4 d4 22. e5 Re6 23. Rxd4 Nxe5 24. Rd5 Nxf3+ 25. Bxf3 Qe7 26. Bg4 Bxa4 27. Bxe6 Qxe6 28. Qd3 Bc6 29. Rd6 {Munoz Sanchez,J (2223)-Aspiazu Sibri,M (1835) Guayaquil 2019 1-0 (54)}) 15. Ne5 Bd6 (15... f6 16. Ng6 e5 17. Bg3 Be6 {is one of the favourites of the engine, but in such cases, when the game is at stake, players tend to avoid such committal decisions. The move Caruana played is fine.}) 16. cxd5 {From now on, there will be many exchanges, when Black gets developed finally, but White is too active to have any real issues} Nxd5 17. Bf3 {White goes the route of an interesting possibility, which looks risky but gets my approval.} (17. Nxf7 $5 Kxf7 18. Bxd6 (18. Bh5+ Kg8 19. Bxd6 Rxd6 {is the same thing}) 18... Rxd6 19. Bh5+ Kg8 20. e4 (20. c4 {It seems that White has to play precisely to hold the position.} Bd7 (20... Rc6) (20... Nb4) (20... Qc7) 21. cxd5 Bxa4 22. Qa2 $8 Rxd5 23. Bg4 Rxd1 24. Rxd1 Qb4 25. Bxe6+ Kh8 26. Rb1 Rd8 $13) 20... Bd7 (20... Nf4 $5 {is a winning try.} 21. Rxd6 Qxh5 22. Rd8+ Kf7 23. Rfd1 e5 $13 {with an unclear, but roughly equal position.}) 21. exd5 Qxa4 {One of many possibilities.} 22. Qb1 Rxd5 23. Qxb7 Qc6 $11) 17... Nxf4 {The simplest.} (17... Qc7 18. c4 Nxf4 19. exf4 {can only create difficulties for Black.}) 18. exf4 Bxe5 19. Rxd8+ Qxd8 20. fxe5 Qc7 (20... Bd7 $5 {Black has the luxury of not being afraid of losing the b7-pawn.} 21. Bxb7 Rb8 22. Bf3 Qa5 {and Black recaptures the missing pawn with equality.}) 21. Rb1 Rb8 22. Qd3 Bd7 (22... b6 $5 {was a nice try for Black, I think.} 23. a5 $1 {otherwise White may be worse with his bad pawn structure.} Bb7 (23... Qxe5 24. a6 $1 $44 {is a key White must have foreseen beforehand.}) 24. axb6 axb6 25. Bxb7 Rxb7 26. Qd4 $11 {with a drawn position.}) 23. a5 Bc6 24. Qd6 {White knows that the best he can do is exchange everything and make a draw - not very pleasing when the onus is on White to score, but that's life.} Qxd6 25. exd6 Bxf3 26. gxf3 Kf8 27. c4 Ke8 28. a6 $1 {From the human viewpoint the simplest. White exchanges all pawns on the queenside, and defends in a 3 vs 4 on the same wing rook endgame.} b6 29. c5 Kd7 30. cxb6 axb6 31. a7 Ra8 32. Rxb6 Rxa7 33. Kg2 e5 34. Rb4 f5 35. Rb6 Ke6 36. d7+ Kxd7 37. Rb5 $11 {The endgame is dead drawn. The doubled pawns are actually a strengh here, because Black is unable to create a passed pawn. Now White can just do nothing and marks time. Black has no meaningful plan available.} Ke6 38. Rb6+ Kf7 39. Rb5 Kf6 40. Rb6+ Kg5 41. Rb5 Kf4 42. Rb4+ e4 43. fxe4 fxe4 44. h3 {Funny, another 3 vs 2 rook endgame, but now Fabiano is the one with the pawn up. This means the game will last 60 moves shorter :)} Ra5 45. Rb7 Rg5+ 46. Kf1 Rg6 47. Rb4 Rg5 48. Rb7 Rg6 49. Rb4 {So, a relatively easy draw today by Fabiano Caruana. Perhaps the World Champion was frustrated a bit with yesterday's game, and decided to play a simple game today. My guess is that the day after tomorrow we will have quite a tense game in the 'Spanish torture', unless the challenger changes his first move. Of course, it's just a shot in the dark, but sometimes you are happy when you guess the right opening.} 1/2-1/2

[Event "Tata Steel-A 81st"]
[Site "Wijk aan Zee"]
[Date "2019.01.13"]
[Round "2"]
[White "Carlsen, Magnus"]
[Black "Nepomniachtchi, Ian"]
[Result "1/2-1/2"]
[WhiteElo "2835"]
[BlackElo "2763"]
[PlyCount "63"]
[EventDate "2019.01.12"]
[EventType "tourn"]
[EventRounds "13"]
[EventCountry "NED"]
[EventCategory "21"]
[SourceTitle "CBM 188"]
[Source "ChessBase"]
[SourceDate "2018.12.21"]
[SourceVersion "1"]
[SourceVersionDate "2018.12.21"]
[SourceQuality "1"]

1. d4 Nf6 2. c4 g6 3. f3 e6 4. e4 c5 5. d5 d6 6. Nc3 Bg7 7. Nge2 exd5 8. cxd5 a6 9. a4 O-O 10. Ng3 Nbd7 11. Be2 Ne8 12. Bf4 ({RR} 12. O-O Rb8 13. Re1 Bd4+ 14. Kh1 Qh4 15. Rf1 Ne5 16. f4 Ng4 17. Bxg4 Bxg4 18. Qe1 Nf6 19. e5 Nd7 20. Nce4 dxe5 21. f5 f6 22. Be3 Kh8 23. Bxd4 cxd4 24. Rc1 gxf5 25. Nxf5 Qxe1 26. Rcxe1 Bxf5 {Ding,L (2811)-Nepomniachtchi,I (2776) Chess.com INT 2019 0-1 (42)}) 12... Rb8 ({RR} 12... Qe7 13. Qd2 Bd4 14. Nd1 Ng7 15. Be3 Bxe3 16. Nxe3 h5 17. O-O Rb8 18. Bd3 b5 19. axb5 axb5 20. Rae1 Ne5 21. f4 Nxd3 22. Qxd3 h4 23. Nh1 Re8 24. Nc2 b4 25. e5 Bf5 26. Qd2 Qc7 27. Ne3 {Schwarz,D (2270)-Pavlovic,M (2409) Bratislava SVK 2025 1-0}) 13. O-O c4 14. Bxc4 $146 ({RR} 14. Be3 b5 15. axb5 axb5 16. Bd4 Bxd4+ 17. Qxd4 Nc5 18. Rad1 Qf6 19. Qe3 b4 20. Nb1 Ba6 21. Nd2 c3 22. bxc3 bxc3 23. Bxa6 Nxa6 24. Nc4 Rb4 25. e5 dxe5 26. Qxc3 e4 27. Qc1 Nc5 28. Nxe4 Nxe4 {Haba,P (2451)-Baldauf,M (2501) Austria AUT 2022 ½-½ (42)}) ({RR} 14. Be3 b5 15. axb5 axb5 16. Bd4 Bxd4+ 17. Qxd4 Nc5 18. Rad1 Qf6 19. Qe3 b4 20. Nb1 Ba6 21. Nd2 c3 22. bxc3 bxc3 23. Bxa6 Nxa6 24. Nc4 Rb4 25. e5 dxe5 26. Qxc3 e4 27. Qc1 Nc5 28. Nxe4 Nxe4 {Haba,P (2451)-Baldauf,M (2501) Austria AUT 2022 ½-½ (42)}) 14... Qb6+ 15. Rf2 Bd4 16. Qd2 Ne5 17. Bf1 Bxf2+ 18. Qxf2 Qxf2+ 19. Kxf2 Bd7 20. Be3 f5 21. exf5 gxf5 22. Bd4 Nf6 23. Kg1 Rbc8 24. Ra3 Nc4 25. Rb3 b5 26. axb5 Nd2 27. Rb4 Nxf1 28. bxa6 Nxg3 29. hxg3 Rb8 30. Rxb8 Rxb8 31. Bxf6 Ra8 32. Nd1 1/2-1/2

[Event "Tata Steel-A 81st"]
[Site "Wijk aan Zee"]
[Date "2019.01.19"]
[Round "7"]
[White "Fedoseev, Vladimir1"]
[Black "Carlsen, Magnus"]
[Result "1/2-1/2"]
[WhiteElo "2724"]
[BlackElo "2835"]
[PlyCount "147"]
[EventDate "2019.01.12"]
[EventType "tourn"]
[EventRounds "13"]
[EventCountry "NED"]
[EventCategory "21"]
[SourceTitle "CBM 188"]
[Source "ChessBase"]
[SourceDate "2018.12.21"]
[SourceVersion "1"]
[SourceVersionDate "2018.12.21"]
[SourceQuality "1"]

1. d4 Nf6 2. c4 g6 3. Nc3 d5 4. Nf3 Bg7 5. h4 c6 6. cxd5 cxd5 7. Bf4 Nc6 8. e3 O-O 9. Qb3 Na5 10. Qa3 Nc4 ({RR} 10... Nc6 11. Bb5 Bd7 12. O-O a6 13. Be2 b5 14. Qb3 Na5 15. Qd1 Bg4 16. Ne5 Bxe2 17. Qxe2 e6 18. Nd3 Qe7 19. Rac1 Rfc8 20. Bg5 Qf8 21. Nc5 Nc4 22. Rc2 Qe8 23. Rfc1 Nd7 24. Nd3 Ndb6 25. Bf4 {Swiercz,D (2655)-Nepomniachtchi,I (2771) Astana 2019 ½-½ (34)}) ({RR} 10... Nc6 11. Be2 Bg4 12. O-O Re8 13. Rfd1 e6 14. Rac1 Bf8 15. Qb3 Na5 16. Qa4 a6 17. Bc7 Qxc7 18. Nxd5 Qd8 19. Nxf6+ Qxf6 20. Qxa5 Bxf3 21. Bxf3 Qxh4 22. Bxb7 Rab8 23. Qxa6 Re7 24. g3 Qf6 25. Be4 {Fedoseev,V (2678)-Zubov,A (2589) Chess.com INT 2020 1-0 (41)}) 11. Bxc4 dxc4 12. O-O Bd7 $146 ({RR} 12... Be6 13. Be5 a5 14. Qa4 Rc8 15. Qc2 b5 16. Nxb5 Bf5 17. Qc1 Be4 18. Ne1 Bb7 19. Nc3 Nh5 20. Bxg7 Nxg7 21. Qd1 e5 22. dxe5 Qxh4 23. Nf3 Qe7 24. e4 Rfd8 25. Nd5 Bxd5 26. exd5 Qb7 27. d6 {Wojtaszek,R (2648)-Teclaf,P (2571) Polanica Zdroj POL 2025 ½-½ (38)}) 13. Ne5 b5 14. Qa6 Qc8 15. Qa5 Qd8 16. Qxd8 Rfxd8 17. Nxd7 Nxd7 18. Nxb5 e5 19. dxe5 Nxe5 20. Rac1 a6 21. Na3 Nd3 22. Rc2 Rac8 23. Bg5 Re8 24. Nxc4 h6 25. Bf4 Nb4 26. Rcc1 Nxa2 27. Ra1 Rxc4 28. Rxa2 Be5 29. b3 Rb4 30. Bxe5 Rxe5 31. Rxa6 Rxb3 32. Rd1 Rb4 33. Rd7 Kg7 34. Raa7 Rf5 35. f3 Rb2 36. e4 Rf4 37. e5 Re2 38. Re7 Rf5 39. e6 Kf8 40. Rxf7+ Rxf7 41. Rxf7+ Kg8 42. Re7 Kf8 43. Rf7+ Kg8 44. h5 gxh5 45. Rf5 Rxe6 46. Rxh5 Kg7 47. Kf2 Ra6 48. g4 Ra2+ 49. Kg3 Ra3 50. Rd5 Kf6 51. Kf4 Ra4+ 52. Ke3 Ra1 53. f4 Rg1 54. Rd6+ Kg7 55. Kf3 Re1 56. Rb6 Rg1 57. Re6 Ra1 58. Ke4 Ra4+ 59. Kf5 Ra5+ 60. Re5 Ra7 61. Rd5 Rf7+ 62. Ke4 Re7+ 63. Kd4 Re1 64. Rd7+ Kf6 65. Rd6+ Kg7 66. Kd5 Rg1 67. Ke6 Rxg4 68. Rd7+ Kg8 69. f5 Rf4 70. Kf6 Rf1 71. Rd8+ Kh7 72. Rd7+ Kg8 73. Rd8+ Kh7 74. Rd7+ 1/2-1/2